[Event "Negambo op 4th"]
[Site "Negambo"]
[Date "2018.08.20"]
[Round "10"]
[White "Liyanage, Ranindu Dilshan"]
[Black "Perera, D Upashan L"]
[Result "1-0"]
[WhiteElo "1989"]
[BlackElo "1577"]
[PlyCount "93"]
[EventDate "2018.08.16"]
[EventType "swiss"]
[EventRounds "10"]
[EventCountry "SRI"]
[SourceTitle "CBM 186 Extra"]
[Source "ChessBase"]
[SourceDate "2018.08.24"]
[SourceVersion "1"]
[SourceVersionDate "2018.08.24"]
[SourceQuality "1"]

1. e4 c5 2. Nf3 g6 3. d4 cxd4 4. Nxd4 Bg7 5. c4 Nc6 6. Be3 Nf6 7. Nc3 0-0 8. Be2 d6 9. 0-0 Bd7 10. f3 Nxd4 11. Bxd4 Bc6 12. b4 b6 13. Rc1 a5 14. a3 Nd7 15. Bxg7 Kxg7 16. Qd4+ f6 17. f4 axb4 18. axb4 Ra3 19. Bg4 h5 20. Bh3 Nb8 21. Nd5 Bd7 22. Bxd7 Nxd7 23. f5 Ne5 24. Nf4 Qa8 25. Ne6+ Kf7 26. Nxf8 Rd3 27. fxg6+ Kxf8 28. Qxb6 Nxg6 29. c5 dxc5 30. bxc5 Qxe4 31. c6 Nf4 32. Qb8+ Kf7 33. Qxf4 Qd5 34. c7 Rd2 35. Qc4 Rxg2+ 36. Kh1 Qxc4 37. Rxc4 Rg8 38. c8Q Rxc8 39. Rxc8 e6 40. Rg1 f5 41. Rh8 Kf6 42. Rxh5 e5 43. Rh6+ Kf7 44. Ra1 f4 45. Ra7+ Kg8 46. Rb6 f3 47. Rb8# 1-0

[Event "Negambo op 4th"]
[Site "Negambo"]
[Date "2018.08.20"]
[Round "9"]
[White "Perera, D Upashan L"]
[Black "Pieris, TDR"]
[Result "1-0"]
[WhiteElo "1577"]
[BlackElo "1970"]
[PlyCount "97"]
[EventDate "2018.08.16"]
[EventType "swiss"]
[EventRounds "10"]
[EventCountry "SRI"]
[SourceTitle "CBM 186 Extra"]
[Source "ChessBase"]
[SourceDate "2018.08.24"]
[SourceVersion "1"]
[SourceVersionDate "2018.08.24"]
[SourceQuality "1"]

1. d4 Nf6 2. Nf3 g6 3. c4 Bg7 4. Nc3 d6 5. Bg5 h6 6. Bf4 Bf5 7. e3 Nbd7 8. Be2 0-0 9. Nd2 g5 10. Bg3 c5 11. d5 Qb6 12. Na4 Qa5 13. 0-0 Ne4 14. Nxe4 Bxe4 15. f3 Bg6 16. Be1 Qd8 17. Bc3 Nf6 18. Bd3 a6 19. f4 Bxd3 20. Qxd3 b5 21. cxb5 axb5 22. fxg5 hxg5 23. Qxb5 Nxd5 24. Bxg7 Kxg7 25. Qc4 Nxe3 26. Qc3+ e5 27. Qxe3 Rxa4 28. b3 Ra3 29. Rf5 f6 30. h4 gxh4 31. Qf3 Qa8 32. Qg4+ Kf7 33. Rxf6+ Kxf6 34. Rf1+ Ke7 35. Qg7+ Ke6 36. Rxf8 Qxf8 37. Qxf8 Rxa2 38. Qh6+ Kd5 39. Qxh4 Rc2 40. g4 e4 41. g5 Kd4 42. g6 d5 43. g7 Kd3 44. g8Q d4 45. Qg6 Kc3 46. Qgxe4 Rc1+ 47. Kf2 Kxb3 48. Qh3+ Kc4 49. Qee6+ 1-0

[Event "Negombo op 3rd"]
[Site "Negambo"]
[Date "2017.08.22"]
[Round "6"]
[White "Perera, D Upashan L"]
[Black "Alahakoon, Isuru"]
[Result "1-0"]
[WhiteElo "1404"]
[BlackElo "2059"]
[PlyCount "89"]
[EventDate "2017.08.20"]
[EventType "swiss"]
[EventRounds "10"]
[EventCountry "SRI"]
[SourceTitle "CBM 180 Extra"]
[Source "ChessBase"]
[SourceDate "2017.10.06"]
[SourceVersion "1"]
[SourceVersionDate "2017.10.06"]
[SourceQuality "1"]

1. d4 Nf6 2. Nf3 e6 3. e3 d5 4. Bd3 c5 5. b3 Nc6 6. a3 Bd6 7. Bb2 0-0 8. Nbd2 Qe7 9. 0-0 e5 10. dxe5 Nxe5 11. Nxe5 Bxe5 12. Bxe5 Qxe5 13. Nf3 Qe7 14. c4 Rd8 15. Qc2 Bg4 16. Nd2 Qd7 17. f3 dxc4 18. Bxc4 Qxd2 19. Qxd2 Rxd2 20. fxg4 h6 21. h4 Nd5 22. Rae1 Rf8 23. Rf5 Ne7 24. Rxc5 Ng6 25. h5 b6 26. Rf5 Ne7 27. Rf4 Nc6 28. Rf5 Na5 29. Bd5 Rd3 30. b4 Nb3 31. Ref1 Nd2 32. R1f2 Kh8 33. Rxf7 Rxf7 34. Bxf7 Ne4 35. Rc2 Nd6 36. Bg6 Rd1+ 37. Kf2 Kg8 38. Rc7 a6 39. Ra7 Kf8 40. Rxa6 Rd2+ 41. Kf3 Nc4 42. Ra8+ Ke7 43. Ra7+ Kf6 44. Rf7+ Ke6 45. Rxg7 1-0